000 00914cab a2200229 4500
001 ABS37062
008 090401t xxu||||| |||| 00| 0 eng d
035 _a(Sirsi) u2000
041 _aeng
245 _aProducts in practice: sheets and boards
260 _cSupplement 29 October 1986(42)
350 _a0
490 _aArchitects` Journal
_vSupplement 29 October 1986(42)
520 _aThis supplement replaces that of the 28 November 1984. Provides details of the different types of sheets and boards available and selection criteria. Looks at recent developments in the industry and includes information on costs, British Standards and manufacturers` details.
650 _aASBESTOS CEMENT
650 _aGLASS FIBRE REINFORCED CEMENT BOARD
650 _aGLASS FIBRE REINFORCED PLASTIC
650 _aWOODWOOL SLABS
690 _aBUILT ENVIRONMENT-BUILDING MATERIALS
942 _n0
948 _c04/03/1997
999 _c1184
_d1184